000 00467nam a22001697a 4500
005 20260415194253.0
008 260415b2023 |||||||| |||| 00| 0 eng d
020 _a9789819921379
040 _aMAIN
041 _aENG
082 _a344.041
_bSAT/ALE
100 _aSatasi, Alessandro
245 _aBiotechnology law and policy :
_bemerging legal issues, cases and materials
_cby Alessandro Satasi.
300 _a149 p.
650 _aBiotechnology law.
942 _cBK
999 _c18702
_d18702